All the UEFA Euro Winners - Statistics

General Stats
  • This quiz has been taken 377 times
    168 since last reset
  • The average score is 15 of 17
Answer Stats
Year Winner % Correct
1968 Italy
98%
2020 Italy
98%
1964 Spain
96%
2008 Spain
96%
2012 Spain
96%
2024 Spain
96%
1984 France
95%
2000 France
95%
1972 Germany
95%
1980 Germany
95%
1996 Germany
95%
2016 Portugal
95%
2004 Greece
87%
1988 Netherlands
79%
1992 Denmark
73%
1960 Soviet Union
60%
1976 Czechoslovakia
39%
No matching quizzes found
Score Distribution
Percent of People with Each Score
Percentile by Number Answered
Your Score History
You have not taken this quiz since the last reset